Statystyki dla Pierwiastki chemiczne A-Z

Kliknij tutaj aby rozwiązać quiz!

Ogólne statystyki

  • Ten quiz został rozwiązany 81 171 razy
  • Średni wynik to 17 z 23

Statystyki odpowiedzi

LiteraPierwiastek chemiczny% Poprawnych
BBeryl, Bor, Brom +4
91%
AAzot, Argon, Arsen +4
89%
SSód, Siarka, Skand +5
89%
PPotas, Pallad, Prazeodym +5
88%
WWodór, Węgiel, Wapń +2
88%
CChlor, Chrom, Cynk +4
87%
TTlen, Tytan, Technet +7
86%
MMagnez, Mangan, Miedź +4
84%
JJod
82%
RRubid, Ruten, Rod +6
82%
FFluor, Fosfor, Frans +2
81%
HHel, Holm, Hafn, Has
75%
KKrzem, Kobalt, Krypton +5
72%
LLit, Lantan, Lutet +2
71%
NNeon, Nikiel, Niob +4
70%
ŻŻelazo
69%
UUran
68%
ZZłoto
66%
GGlin, Gal, German, Gadolin
62%
OOsm, Ołów, Oganeson
45%
EEurop, Erb, Einstein
43%
IItr, Ind, Iterb, Iryd
43%
DDysproz, Dubn, Darmsztadt
21%

Rozkład punktacji

Percentyl według liczby udzielonych odpowiedzi

Procent ludzi z każdym wynikiem

Twoja historia wyników

Nie rozwiązałeś tego quizu